000 06818cam a22018854i 4500
003 PE-LiUPU
005 20250813165832.0
008 150706s2008 ck a rb 000 0 spa d
020 _a9789588203812
035 _a(Sirsi) i9789588203812
040 _aPE-LiUPU
_bspa
_cPE-LiUPU
_erda
049 _aPRUA
082 0 4 _a634.956
_bD97
_221
245 1 0 _aManual práctico de reforestación /
_cinvestigadora del proyecto Nidia Alba Cuéllar ; colaboradores Marcos Peña Franjul . [et al.].
264 1 _aBogotá :
_bGrupo Latino Editores,
_c2008.
300 _a950 páginas :
_bilustraciones ;
_c28centímetros
336 _atext
_2rdacontent
337 _aunmediated
_2rdamedia
338 _avolume
_2rdacarrier
504 _aIncluye bibliografía.
505 0 _aReforestación -- Los bosques -- Otros tipos de bosque -- Guaduales -- Manglar -- Selva -- Sabana -- Bioma -- Humedales -- Desiertos -- Páramos -- Fauna -- Viveros forestales -- Cultivos de montaña -- Riegos y drenajes -- Deforestación -- Silvicultura -- Destrucción de los recursos renovables -- Contención de la deforestación mundial -- Amenazas naturales de la deforestación -- Incendios forestales -- Fuego en los ecosistemas -- Sequía -- Terremotos -- Tormentas tropicales -- Deslizamientos -- Inundaciones -- Tsunamis.-Amenazas naturales en áreas áridas y semiáridas -- Erosión y sedimentación -- Tipos de erosión -- Amenazas de la humanidad -- Restauración ecológica -- Protocolo de restauración ecológica -- Reestructuración económica -- Agricultura como agente de deforestación -- Petróleo como agente de deforestación -- Lluvia ácida -- Causas ocultas de la deforestación y la degradación de los bosques -- Especies en extinción -- Animales en peligro de extinción -- Aves -- Reptiles y anfibios -- Peces -- Insectos -- Invertebrados -- Plantas en peligro de extinción -- Silvicultura -- Disciplinas inherentes a la silvicultura -- Rodal -- El árbol -- Las plantaciones -- Establecimiento y manejo silvicultural -- Cortes de poda -- La semilla -- Germinación -- Tratamientos químicos -- Manejo de la luz en la germinación -- Sistemas de producción de plantas -- Siembra de la semilla -- Trasplante de semillas -- Propagación vegetativa -- Métodos de propagación vegetativa -- Micropropagación -- Selección clonal -- Sistema de tubetes individuales -- Sistema de bandejas -- Plantines -- Micorrizas -- Plagas y enfermedades de las plantas -- Parasitismo animal -- Parasitismo vegetal -- Enfermedades más comunes -- Enfermedades vasculares -- Métodos de defensa contra heladas -- Control de malezas con el uso de herbicidas -- Mejora genética -- El suelo -- Clases de drenaje natural del suelo -- Grado de acidez o PH -- Cercos vivos -- Silvicultura clonal -- Madera -- Tala -- Corporaciones de investigación y fomento forestal -- Conif -- Corporinoquia -- Finagro -- Ica -- Organizaciones internacionales -- Embrapa -- Fao.
526 _aP203
526 _aP200
526 _aSEG65
526 _aSEG64
526 _aSEG63
526 _aSEG62
526 _aSEG61
526 _aSEG60
526 _aSEG59
526 _aSEG58
526 _aSEG57
526 _aSEG56
526 _aSEG55
526 _aSEG54
526 _aSEG53
526 _aSEG52
526 _aSEG51
526 _aSEG50
526 _aSEG49
526 _aSEG48
526 _aSEG47
526 _aSEG46
526 _aSEG24
526 _aSEG23
526 _aSEG22
526 _aSEG21
526 _aSEG20
526 _aSEG19
526 _aSEG18
526 _aSEG17
526 _aSEG16
526 _aSEG14
526 _aSEG13
526 _aSEG12
526 _aSEG11
526 _aSEG10
526 _aSEG09
526 _aSEG06
526 _aSEG05
526 _aSEG04
526 _aSEG03
526 _aSEG02
526 _aSEG68
526 _aSEG66
526 _aSEG45
526 _aSEG25
526 _aSEG01
526 _aP163
526 _aP162
526 _aP161
526 _aP160
526 _aP159
526 _aP158
526 _aP157
526 _aP156
526 _aP155
526 _aP154
526 _aP153
526 _aP152
526 _aP151
526 _aP150
526 _aP149
526 _aP142
526 _aP141
526 _aP140
526 _aP139
526 _aP138
526 _aP137
526 _aP132
526 _aP131
526 _aP130
526 _aP126
526 _aP125
526 _aP124
526 _aP123
526 _aP115
526 _aP122
526 _aP121
526 _aP116
526 _a P114
526 _aP112
526 _aP111
526 _aP104
526 _aP103
526 _aP102
526 _aP101
526 _aP100
526 _aP96
526 _aP95
526 _aP93
526 _aP92
526 _aP91
526 _aP88
526 _aP83
526 _aP82
526 _aP79
526 _aP78
526 _aP75
526 _aP74
526 _aP71
526 _aP69
526 _a P51
526 _aP49
526 _aP48
526 _aP47
526 _aP33
526 _aP31
526 _a P30
526 _aP29
526 _aP27
526 _aP26
526 _aP25
526 _aP24
526 _a P22
526 _aP10
526 _aP09
526 _a P08
526 _aP06
526 _aP05
526 _aP04
526 _aP01
541 _g015-0013463;
541 _g001-0035385;
650 0 4 _aReforestación
_vManuales.
650 0 4 _aBosques
_vManuales.
650 0 4 _aConservación de los recursos naturales
_vManuales.
650 0 4 _aViveros forestales
_vManuales.
650 0 4 _aEcología forestal
_vManuales.
700 1 _aAlba Cuellar, Nidia del C.,
_einv.
700 1 _aPeña Franjul, Marcos,
_ecolab.
910 _agl
_bjck
_d20120627
942 _2ddc
_cBOOK
949 _a634.956 D97
_wDEWEY
_c1
_i63829
_lCCODEBUL1
_mBUL
_p55.00
_r0
_sY
_tBOOK
_u2015-7-6
_xINGENIERIA
_PP24
_o.STAFF. Colección General
949 _a634.956 D97
_wDEWEY
_c2
_i64998
_lCCODEBUL1
_mBUL
_p55.00
_r0
_sY
_tBOOK
_u2015-7-6
_xINGENIERIA
_PP24
_o.STAFF. Colección General
994 _aC0
_bPEPRU
596 _a1
999 _a634.956 D97
_wDEWEY
_c52715
_i63829
_d52715
_e2016-6-19
_f2021-11-9
_g7
_lCCODEBUL1
_mBUL
_n2
_p55.00
_q1
_r0
_sY
_tBOOK
_u2015-7-6
_xINGENIERIA
_PP24
_0COMPRA
_o.STAFF. Colección Ingeniería y Arquitectura
999 _a634.956 D97
_wDEWEY
_c2
_i64998
_d2018-9-6
_e2018-9-5
_f2021-11-9
_g7
_lCCODEBUL1
_mBUL
_n6
_p55.00
_r0
_sY
_tBOOK
_u2015-7-6
_xINGENIERIA
_PP24
_0COMPRA
_o.STAFF. Colección Ingeniería y Arquitectura
980 _81
_gALBERTO SANCHEZ Responsable de Automatización